Letopis' recenzij

Bibliographic Details
Corporate Author: Rossijskaja knižnaja palata
Format: Serial
Language:Russian
Published: Moskva Izdateľstvo Kniga 1935-
ISSN:0130-9242

MARC

LEADER 00000nas a2200000 a 4500
001 vtls001478582
003 SK-MaSNL
005 20260228160759.0
008 040715s19359999xx 0 rus c
022 |a 0130-9242 
035 |a SNK000433882 
040 |a SNK  |b slo  |c SNK  |e AACR2 
041 |a rus 
245 1 |a Letopis' recenzij 
260 |a Moskva  |b Izdateľstvo Kniga  |c 1935- 
310 |a 1x mesačne 
362 0 |a 1 (1934) - 5 (1938); 9 (1942)- 
710 2 |a Rossijskaja knižnaja palata  |9 267319 
850 |a Slovenská národná knižnica v Martine 
999 |c 3582  |d 5512 
952 |0 0  |1 1  |4 0  |7 0  |a SNK  |b SNK  |d 2004-07-15  |i snkV 3525/79  |l 0  |o snkČC 956/2/1978  |p 17A0433425  |r 2005-01-02 00:00:00  |t P60, <06>, [ISSBD], {606}  |w 2026-02-21  |y PREZ 
952 |0 0  |1 1  |4 0  |7 0  |a SNK  |b SNK  |d 2004-07-15  |i snkV 3524/79  |l 0  |o snkČC 956/1978/1  |p 17A0433390  |r 2005-01-02 00:00:00  |t P60, <06>, [ISSBD], {606}  |w 2026-02-21  |y PREZ 
952 |0 0  |1 1  |4 0  |7 0  |a SNK  |b SNK  |d 2004-07-15  |i snkV 2673/78  |l 0  |o snkČC 956/1/1977  |p 17A0433430  |r 2005-01-02 00:00:00  |t P60, <06>, [ISSBD], {604}  |w 2026-02-21  |y PREZ 
952 |0 0  |1 1  |4 0  |7 0  |a SNK  |b SNK  |d 2004-07-15  |i snkV 2674/78  |l 0  |o snkČC 956/2/1977  |p 17A0433445  |r 2005-01-02 00:00:00  |t P60, <06>, [ISSBD], {604}  |w 2026-02-21  |y PREZ 
952 |0 0  |1 1  |4 0  |7 0  |a SNK  |b SNK  |d 2004-07-15  |i snkV 3031/80  |l 0  |o snkČC 956/1979/1  |p 17A0433551  |r 2005-01-02 00:00:00  |t P60, <06>, [ISSBD], {606}  |w 2026-02-21  |y PREZ 
952 |0 0  |1 1  |4 0  |7 0  |a SNK  |b SNK  |d 2004-07-15  |i snkV 317/75  |l 0  |o snkČC 956/1975  |p 17A0433431  |r 2005-01-02 00:00:00  |t P60, <06>, [ISSBD], {629}  |w 2026-02-21  |y PREZ 
952 |0 0  |1 1  |4 0  |7 0  |a SNK  |b SNK  |d 2004-07-15  |i snkV 3032/80  |l 0  |o snkČC 956/1979/2  |p 17A0436065  |r 2005-01-02 00:00:00  |t P60, <06>, [ISSBD], {606}  |w 2026-02-21  |y PREZ